000 00403nam a2200157Ia 4500
003 GCL
008 140319s9999 xx 000 0 ara d
040 _aGCL /
_cGCL
082 0 4 _a253.901
_bم م
100 1 _aمحمد ابوزهرة
245 1 0 _aالميراث عند الجعفرية /
_cمحمد ابوزهرة
300 _a141 ص
490 _a
650 0 4 _aالمواريث
942 _2ddc
_cBK
999 _c39196
_d39196